000
00335nam a22001457a 4500
008
230622b ||||| |||| 00| 0 eng d
020
_a
9780132409810
041
_a
eng
080
_2
FIFTH EDITION
_a
004
082
_a
004BRO
100
_a
18
101
_a
SHKI
245
_a
MAINTAINING REPAIRING PCS
_c
BROOKS.J.CH
942
_2
udc
_c
BK
999
_c
60019
_d
60019